| 000 | 00555nam a22002177a 4500 | ||
|---|---|---|---|
| 003 | OSt | ||
| 005 | 20210924025126.0 | ||
| 008 | 160210b xxu||||| |||| 00| 0 eng d | ||
| 020 | _a618372520 | ||
| 040 |
_aMMU _beng _cMMU _dMMU |
||
| 050 | _aHB 172.5 B675 2005 | ||
| 100 | _aBoyes, William | ||
| 245 |
_aEconomics / _cWilliam Boyes. |
||
| 250 | _a_ | ||
| 260 |
_aNew York : _bHoughton Mifflin, _c2005. |
||
| 300 | _a860 p. : | ||
| 500 | _aIncludes Index | ||
| 650 |
_aEconomics _9179 |
||
| 700 | _aMichael Melvin | ||
| 942 |
_2lcc _cLOAN LOAN _e6th ed. |
||
| 999 |
_c3729 _d3729 |
||